[Event "45th National Sub Junior 2019"]
[Site "Tiruchengode"]
[Date "2019.07.17"]
[Round "11.9"]
[White "Vignesh, N."]
[Black "Soham Kamotra"]
[Result "0-1"]
[WhiteElo "1882"]
[BlackElo "2136"]
[Annotator "TA"]
[PlyCount "128"]
[EventDate "2019.07.09"]
[EventCountry "IND"]
[SourceTitle "playchess.com"]
[Source "ChessBase"]
[SourceQuality "1"]

{[%evp 9,128,0,0,-18,12,4,17,0,49,47,85,78,63,34,39,34,27,4,16,16,25,20,23,23,26,0,29,0,1,0,54,29,35,15,19,-21,-21,-21,-14,-6,0,9,16,-21,-21,-49,-35,-31,0,-35,-35,-102,-56,-64,-65,-64,-60,-142,-142,-142,-142,-144,-142,-136,-130,-150,-150,-150,-150,-175,-134,-154,-146,-149,0,-147,-150,-193,-193,-193,-193,-193,-193,-193,-192,-186,-195,-181,-183,-199,-199,-199,-199,-199,-199,-216,-199,-302,-304,-323,-292,-377,-374,-422,-454,-633,-636,-623,-623,-615,-668,-830,-830,-781,-347,-343,-332,-855,-919,-1138,-1136]} 1. e4 c6 2. d4 d5 3. f3 e6 4. Nc3 Nf6 5. Bg5 (5. Be3 dxe4 6. fxe4 e5 7. dxe5 Qxd1+ 8. Rxd1 Ng4 9. Bd4 Nd7 10. Nf3 Bc5 11. e6 fxe6 12. Bxg7 Rg8 13. Bd4 {1-0 (54) Rapport,R (2693)-Berkes,F (2648) Hungary 2016}) 5... h6 6. Be3 {B12: Caro-Kann: Advance Variation} Bb4 $146 ({Predecessor:} 6... dxe4 7. fxe4 Bb4 8. Qf3 Nbd7 9. Nge2 Qb6 10. O-O-O Qa5 11. a3 Be7 12. e5 Nd5 {1-0 (21) Stavridis,S-Egan,M (1975) ICCF email 2007}) 7. e5 Nfd7 8. a3 {The position is equal.} Be7 9. f4 b6 10. Qg4 g6 11. Bd3 h5 12. Qe2 c5 13. Qf1 Nc6 14. Nf3 a6 15. Nd1 c4 16. Be2 b5 17. c3 a5 18. Nf2 Nb6 19. Bd1 Kd7 (19... b4 $11) 20. Bc2 Kc7 21. g3 Bd7 22. Nd1 b4 23. Ng5 Be8 24. Qe2 bxa3 25. bxa3 a4 26. h4 Na5 27. O-O Nb3 28. Ra2 Qd7 29. Qf2 Nc8 30. Qf3 (30. Nb2 $15) 30... Qc6 31. Nf2 Na7 32. Bc1 $1 Nb5 33. Bb2 ({White should play} 33. Qe3 $1 $15) 33... Nd2 $1 $17 {[%csl LRf1,LRf3][%mdl 64] [#] Double Attack} 34. Qe2 Nxf1 35. Qxf1 Qa6 36. Nd1 Na7 37. Qf3 Nc6 38. Kh2 Na5 39. Kh3 Nb3 40. Qe3 Rf8 41. Nh7 Rh8 42. Ng5 $1 Rb8 43. Qe2 Rb6 44. Qe3 Qb7 45. Qe2 Kb8 46. Qe3 Bd8 47. Qe2 Bc6 48. Qe3 Re8 49. Qe2 Re7 50. Qe3 Ka7 51. Qe2 Qb8 52. Qe3 Be8 53. Qe2 (53. Nf3 {might work better.}) 53... Reb7 $19 54. Qf2 Be7 55. Qe3 Ka6 56. Bxb3 Rxb3 ({Resist} 56... axb3 57. Ra1 $19) 57. Qd2 {[#]} Rxb2 $1 {[%mdl 512]} 58. Nxb2 (58. Rxb2 Rxb2) 58... Rb3 59. Nd1 Rxa3 60. Rb2 Rb3 61. Ra2 a3 (61... Rb1 $142 62. Ne3 a3) 62. Qc1 Qb5 {aiming for ...Rb1.} 63. Nf3 $2 (63. Ra1) 63... Rb1 64. Rxa3+ Kb7 {Accuracy: White = 31%, Black = 71%.} 0-1

[Event "45th National Sub Junior 2019"]
[Site "Tiruchengode"]
[Date "2019.07.17"]
[Round "11.10"]
[White "Arjun Gupta"]
[Black "Srikrishnan P"]
[Result "1/2-1/2"]
[WhiteElo "1851"]
[BlackElo "1990"]
[Annotator "NA"]
[PlyCount "154"]
[EventDate "2019.07.09"]
[EventCountry "IND"]
[SourceTitle "playchess.com"]
[Source "ChessBase"]
[SourceQuality "1"]
[TimeControl "5400+30"]

1. d4 {[%emt 0:00:00]} d5 {[%emt 0:00:00]} 2. Bf4 {[%emt 0:00:00]} Nf6 {[%emt 0:00:00]} 3. e3 {[%emt 0:00:00]} c5 {[%emt 0:00:00]} 4. c3 {[%emt 0:00:00]} Nc6 {[%emt 0:00:00]} 5. Nd2 {[%emt 0:00:00]} Bf5 {[%emt 0:00:00]} 6. Qb3 {[%emt 0:00:07] D00: 1 d4 d5: Unusual lines} Qd7 {[%emt 0:00:06]} 7. Ngf3 {[%emt 0:00:11]} c4 {[%emt 0:00:15]} 8. Qd1 {[%emt 0:00:06]} e6 {[%emt 0:00:05]} 9. Be2 {[%emt 0:00:41]} h6 {[%emt 0:00:06]} 10. h3 {[%emt 0:00:10]} Bd6 {[%emt 0:00:06]} 11. O-O {[%emt 0:01:07]} Bxf4 $146 {[%emt 0:00:41]} ({Predecessor:} 11... O-O 12. b3 b5 {0-1 (86) Grachev,B (2654)-Eljanov,P (2742) Moscow 2010}) 12. exf4 {[%emt 0:00:02]} O-O {[%emt 0:00:08]} 13. b4 {[%emt 0:04:48]} cxb3 {[%emt 0:00:52]} 14. axb3 {[%emt 0:00:39]} Qc7 {[%emt 0:00:06]} 15. Ne5 {[%emt 0:00:25]} Rfc8 {[%emt 0:00:08]} 16. Bg4 {[%emt 0:01:19]} Nxe5 {[%emt 0:02:31]} 17. dxe5 {[%emt 0:11:32]} Nxg4 {[%emt 0:00:20]} 18. hxg4 {[%emt 0:00:42]} Bd3 {[%emt 0:00:04]} 19. Re1 {[%emt 0:00:17]} Qxc3 {[%emt 0:00:12]} 20. Re3 {[%emt 0:04:08]} Qc2 {[%emt 0:01:16]} 21. Nf3 {[%emt 0:02:23]} Qxd1+ {[%emt 0:01:07]} 22. Rxd1 {[%emt 0:00:01]} Bb5 {[%emt 0:02:49]} 23. Nd4 {[%emt 0:00:59]} Bd7 {[%emt 0:00:05]} 24. f5 {[%emt 0:00:24]} a5 {[%emt 0:02:56]} 25. f4 {[%emt 0:01:04]} b5 {[%emt 0:03:24]} 26. fxe6 {[%emt 0:01:05]} fxe6 {[%emt 0:00:03]} 27. f5 {[%emt 0:00:10]} Kf7 {[%emt 0:03:20]} 28. fxe6+ {[%emt 0:10:17]} Bxe6 {[%emt 0:00:01]} 29. Nxb5 {[%emt 0:00:15]} Ke7 {[%emt 0:00:05]} 30. Nd6 {[%emt 0:02:38]} Rf8 {[%emt 0:01:26]} 31. Rd4 {[%emt 0:01:26]} Ra7 {[%emt 0:01:49]} 32. Rc3 {[%emt 0:04:31]} Kd7 {[%emt 0:05:46]} 33. Ra4 {[%emt 0:03:13]} Rb8 {[%emt 0:02:13]} 34. Nf5 {[%emt 0:05:47]} Rb4 {[%emt 0:04:03]} 35. Nd4 {[%emt 0:02:39]} Rab7 {[%emt 0:12:02]} 36. Rc6 {[%emt 0:03:05]} Rxa4 {[%emt 0:04:41]} 37. bxa4 {[%emt 0:02:11]} Bxg4 {[%emt 0:00:08]} 38. Rg6 {[%emt 0:00:27]} Rb1+ {[%emt 0:00:21]} 39. Kf2 {[%emt 0:01:35]} h5 {[%emt 0:00:07]} 40. Rxg7+ {[%emt 0:00:09]} Ke8 {[%emt 0:00:01]} 41. Nb5 {[%emt 0:08:17]} Rb2+ {[%emt 0:03:09]} 42. Kg3 {[%emt 0:32:10]} Re2 {[%emt 0:00:16]} 43. Nd6+ {[%emt 0:00:00]} Kf8 {[%emt 0:00:09]} 44. Rf7+ {[%emt 0:00:00]} Kg8 {[%emt 0:00:05]} 45. Ra7 {[%emt 0:00:00]} Rxe5 {[%emt 0:05:47]} 46. Rxa5 {[%emt 0:00:00]} Re3+ {[%emt 0:02:05]} 47. Kf4 {[%emt 0:00:00]} Re2 {[%emt 0:00:08]} 48. g3 {[%emt 0:00:00]} d4 {[%emt 0:03:30]} 49. Rd5 {[%emt 0:00:00]} Ra2 {[%emt 0:02:51]} 50. Rxd4 {[%emt 0:00:00]} Bd7 {[%emt 0:43:37]} 51. Nb5 {[%emt 0:00:00]} Be8 {[%emt 0:00:00]} 52. Nc3 {[%emt 0:00:00]} Rc2 {[%emt 0:00:00]} 53. Ne4 {[%emt 0:00:00]} Bc6 {[%emt 0:00:00]} 54. Nf6+ {[%emt 0:00:00]} Kf7 {[%emt 0:00:00]} 55. Ne4 {[%emt 0:00:00]} Ra2 {[%emt 0:00:00]} 56. Nc5 {[%emt 0:00:00]} Rc2 {[%emt 0:00:00]} 57. Nd3 {[%emt 0:00:00]} Be8 {[%emt 0:00:00]} 58. a5 {[%emt 0:00:00]} Ra2 {[%emt 0:00:00]} 59. Rd5 {[%emt 0:00:00]} Ra4+ {[%emt 0:00:00]} 60. Kf5 {[%emt 0:00:00]} Ke7 {[%emt 0:00:00]} 61. Nf4 {[%emt 0:00:00]} Ra3 {[%emt 0:00:00]} 62. Re5+ {[%emt 0:00:00]} Kd8 $1 {[%emt 0:00:00]} 63. Ne2 {[%emt 0:00:24]} Bd7+ {[%emt 0:00:00]} 64. Kf4 {[%emt 0:00:27]} Bg4 $1 {[%emt 0:00:00]} 65. Nd4 {[%emt 0:00:15]} Kc8 {[%emt 0:00:00]} 66. Rc5+ {[%emt 0:01:24]} Kb7 {[%emt 0:00:00]} 67. Nb5 {[%emt 0:00:50]} Rf3+ {[%emt 0:00:00]} 68. Ke5 {[%emt 0:00:31]} Rxg3 {[%emt 0:00:00]} 69. Nd6+ {[%emt 0:00:41]} Ka6 {[%emt 0:00:00]} 70. Kf4 {[%emt 0:01:20]} Rd3 {[%emt 0:00:00]} 71. Ne4 {[%emt 0:00:32]} Ra3 {[%emt 0:00:00]} 72. Nf6 {[%emt 0:00:20]} Rf3+ {[%emt 0:00:00]} 73. Kg5 {[%emt 0:00:05]} Rf5+ {[%emt 0:00:00]} 74. Rxf5 $11 {[%emt 0:00:06]} Bxf5 {[%emt 0:00:00]} 75. Nxh5 {[%emt 0:00:10]} Bb1 {[%emt 0:00:00]} 76. Nf4 {[%emt 0:00:09]} Kxa5 {[%emt 0:00:00]} 77. Nd3 {[%emt 0:00:06]} Bxd3 {[%emt 0:00:00]} 1/2-1/2